000 00593nam a22001697a 4500
010 _aENG-120664
020 _a9789350692165
_c100.00
035 _aEN-104196
037 _bDBAD/PUB
082 _a230.51
245 _aDynamics of prayer :
_ccomplied and edited by Suresh C. Bhatnagar
_bbased on sai's teaching /
260 _aAndhra Pradesh
_bSri Sathya Sai Sadhana Trust Publications Division
_c2015
270 _aPrasanthi Nilayam,
_bAndhra Pradesh
_e515134
300 _axii,307p. :
_b23cm(pbk).
_cill.
700 _aBhatnagar, Suresh C.
942 _2ddc
_cEN
_h230.51
_mBHA
999 _c144560
_d144560